[Event "European Rapid Championship 2021"]
[Site "Katowice"]
[Date "2021.12.18"]
[Round "4.16"]
[White "Czerw, Dawid"]
[Black "Mirzoev, Emil"]
[Result "0-1"]
[WhiteElo "2158"]
[BlackElo "2418"]
[Annotator "NA"]
[PlyCount "58"]
[EventDate "2021.12.18"]
[EventType "swiss"]
[EventCountry "POL"]
[SourceTitle "playchess.com"]
[Source "ChessBase"]
[SourceQuality "1"]
[TimeControl "900+10"]

1. d4 {[%emt 0:00:02]} Nf6 {[%emt 0:00:09]} 2. c4 {[%emt 0:00:01]} d6 {[%emt 0:
00:24]} 3. Nc3 {[%emt 0:00:10]} Bf5 {[%emt 0:00:09]} 4. g3 {[%emt 0:00:08]} e5
{[%emt 0:00:14]} 5. Bg2 {[%emt 0:00:08]} c6 {[%emt 0:00:05]} 6. e4 {[%emt 0:00:
15]} Be6 {[%emt 0:00:16]} 7. d5 {[%emt 0:00:16]} cxd5 {[%emt 0:00:19]} 8. cxd5
{[%emt 0:00:05]} Bd7 {[%emt 0:00:02]} 9. Nge2 {[%emt 0:00:05]} Be7 {[%emt 0:00:
10]} 10. O-O {[%emt 0:00:04]} O-O {[%emt 0:00:05]} 11. h3 {[%emt 0:00:02]} b5 {
[%emt 0:00:35]} 12. a3 {[%emt 0:00:08]} a5 {[%emt 0:00:04]} 13. Be3 {[%emt 0:
00:04]} Na6 {[%emt 0:00:03]} 14. f4 {[%emt 0:00:35]} Qb8 {[%emt 0:01:16]} 15.
fxe5 {[%emt 0:01:53]} dxe5 {[%emt 0:00:09]} 16. d6 {[%emt 0:00:35]} Bxd6 {
[%emt 0:01:37]} 17. Rxf6 {[%emt 0:02:54]} gxf6 {[%emt 0:00:02]} 18. Nd5 {
[%emt 0:00:01]} Be6 {[%emt 0:03:08]} 19. Nec3 {[%emt 0:01:58]} Bc5 {[%emt 0:05:
14]} 20. Nxf6+ {[%emt 0:04:20]} Kg7 {[%emt 0:00:23]} 21. Bxc5 {[%emt 0:00:04]}
Nxc5 {[%emt 0:00:07]} 22. Qf3 {[%emt 0:00:08]} Nd7 {[%emt 0:01:32]} 23. Rf1 {
[%emt 0:00:24]} Qd8 {[%emt 0:00:26]} 24. Ncd5 {[%emt 0:02:43]} Bxd5 {[%emt 0:
00:46]} 25. Qg4+ {[%emt 0:01:07]} Kh8 {[%emt 0:00:19]} 26. Nxd7 {[%emt 0:00:51]
} Be6 {[%emt 0:00:25]} 27. Qh5 {[%emt 0:00:11]} Bxd7 {[%emt 0:00:25]} 28. Qh6 {
[%emt 0:00:10]} f6 {[%emt 0:00:08]} 29. Rd1 {[%emt 0:00:07]} Qe7 {[%emt 0:00:
11]} 0-1

[Event "European Rapid Championship 2021"]
[Site "Katowice"]
[Date "2021.12.18"]
[Round "4.17"]
[White "Brodowski, Piotr"]
[Black "Kowalczyk, Mariusz"]
[Result "1-0"]
[WhiteElo "2414"]
[BlackElo "2047"]
[Annotator "NA"]
[PlyCount "71"]
[EventDate "2021.12.18"]
[EventType "swiss"]
[EventCountry "POL"]
[SourceTitle "playchess.com"]
[Source "ChessBase"]
[SourceQuality "1"]
[TimeControl "900+10"]

1. d4 {[%emt 0:04:33]} Nf6 {[%emt 0:00:02]} 2. c4 {[%emt 0:00:01]} e6 {[%emt 0:
00:03]} 3. Nf3 {[%emt 0:00:02]} b6 {[%emt 0:00:11]} 4. g3 {[%emt 0:00:01]} Bb7
{[%emt 0:00:02]} 5. Bg2 {[%emt 0:00:02]} g6 {[%emt 0:00:18]} 6. O-O {[%emt 0:
00:25]} Bg7 {[%emt 0:00:02]} 7. Nc3 {[%emt 0:00:52]} Ne4 {[%emt 0:00:41]} 8.
Qd3 {[%emt 0:00:02]} Nxc3 {[%emt 0:00:09]} 9. bxc3 {[%emt 0:00:01]} O-O {
[%emt 0:00:16]} 10. e4 {[%emt 0:00:03]} Nc6 {[%emt 0:00:32]} 11. h4 {[%emt 0:
02:47]} Ba6 {[%emt 0:00:36]} 12. h5 {[%emt 0:02:21]} Na5 {[%emt 0:00:31]} 13.
Nd2 {[%emt 0:00:01]} d5 {[%emt 0:00:48]} 14. exd5 {[%emt 0:01:47]} exd5 {
[%emt 0:00:05]} 15. Re1 {[%emt 0:00:27]} Nxc4 {[%emt 0:00:26]} 16. Nxc4 {
[%emt 0:00:02]} Bxc4 {[%emt 0:00:03]} 17. Qf3 {[%emt 0:00:01]} Re8 {[%emt 0:02:
08]} 18. Bf4 {[%emt 0:00:12]} Qd7 {[%emt 0:00:49]} 19. h6 {[%emt 0:00:51]} Bf8
{[%emt 0:01:36]} 20. Be5 {[%emt 0:01:18]} f5 {[%emt 0:00:37]} 21. Qf4 {[%emt 0:
00:51]} c6 22. Bh3 {[%emt 0:00:33]} Qf7 {[%emt 0:00:54]} 23. Re3 {[%emt 0:00:
06]} Be7 {[%emt 0:01:15]} 24. g4 {[%emt 0:00:15]} g5 {[%emt 0:00:38]} 25. Qxf5
{[%emt 0:00:02]} Qxf5 {[%emt 0:00:02]} 26. gxf5 {[%emt 0:00:01]} Bf8 {[%emt 0:
00:08]} 27. f6 {[%emt 0:00:06]} Bxh6 {[%emt 0:00:45]} 28. Rf3 {[%emt 0:00:21]}
Kf7 {[%emt 0:00:24]} 29. Re1 {[%emt 0:00:15]} g4 {[%emt 0:02:19]} 30. Bxg4 {
[%emt 0:00:01]} Rg8 {[%emt 0:00:01]} 31. Rg3 {[%emt 0:00:01]} Rxg4 {[%emt 0:00:
01]} 32. Rxg4 {[%emt 0:00:01]} Bd2 {[%emt 0:00:01]} 33. Rg7+ {[%emt 0:00:30]}
Ke6 {[%emt 0:00:02]} 34. Re7+ {[%emt 0:00:15]} Kf5 {[%emt 0:00:15]} 35. f7 {
[%emt 0:00:07]} Kg6 {[%emt 0:00:16]} 36. Rd1 {[%emt 0:00:14]} 1-0

[Event "European Rapid Championship 2021"]
[Site "Katowice"]
[Date "2021.12.18"]
[Round "4.17"]
[White "Milanowski, Jan"]
[Black "Bernadskiy, Vitaliy"]
[Result "0-1"]
[WhiteElo "1858"]
[BlackElo "2616"]
[Annotator "TA"]
[PlyCount "36"]
[EventDate "2021.12.18"]
[EventType "swiss"]
[EventCountry "POL"]
[SourceTitle "playchess.com"]
[Source "ChessBase"]
[SourceQuality "1"]

{[%evp 14,36,35,0,0,0,0,1,11,-134,-142,-150,-148,-217,-156,-136,-147,-239,-231,
-223,-236,-536,-584,-564,-434]} 1. d4 Nf6 2. Nf3 g6 3. Bf4 Bg7 4. c3 O-O 5. h3
d6 6. e3 c5 7. Nbd2 Be6 8. Be2 Qb6 {A48: 1 d4 Nf6 2 Nf3 g6: Torre, London and
Colle Systems.} 9. Qc1 cxd4 {is the legacy move (9...Nc6).} 10. exd4 Nc6 {
[#] The position is equal.} 11. Bc4 $146 (11. O-O $11 {remains equal.}) ({
Predecessor:} 11. Nc4 Qc7 12. Ne3 Rac8 13. O-O Nd5 14. Nxd5 Bxd5 15. Qd2 Rfd8
16. Rfd1 e5 17. Be3 {0-1 (49) Kuznecov,M (2378)-Grigoriants,S (2564) Moscow
2016}) 11... Bxc4 $1 $17 {Black is more active.} 12. Nxc4 {[#]} Qa6 13. Nfd2 (
13. b3 $17) 13... b5 14. Ne3 {[#] Inhibits Nd5.} b4 $1 15. d5 {[#]} (15. Qd1
$17) 15... bxc3 $1 $19 16. bxc3 Nh5 17. Bxd6 (17. g3 Na5 18. Rb1) 17... exd6
18. dxc6 Nf4 {Weighted Error Value: White=0.92/Black=0.05 (flawless)} 0-1

[Event "European Rapid Championship 2021"]
[Site "Katowice"]
[Date "2021.12.18"]
[Round "4.18"]
[White "Tworzydlo, Piotr"]
[Black "Dragnev, Valentin"]
[Result "0-1"]
[WhiteElo "2152"]
[BlackElo "2409"]
[Annotator "NA"]
[PlyCount "94"]
[EventDate "2021.12.18"]
[EventType "swiss"]
[EventCountry "POL"]
[SourceTitle "playchess.com"]
[Source "ChessBase"]
[SourceQuality "1"]
[TimeControl "900+10"]

1. e4 {[%emt 0:00:04]} d5 {[%emt 0:00:02]} 2. exd5 {[%emt 0:00:04]} Qxd5 {
[%emt 0:00:02]} 3. Nf3 {[%emt 0:00:08]} Bg4 {[%emt 0:00:24]} 4. Be2 {[%emt 0:
00:29]} Nc6 {[%emt 0:00:04]} 5. Nc3 {[%emt 0:00:31]} Qh5 {[%emt 0:03:23]} 6.
Ne4 {[%emt 0:01:19]} Nf6 {[%emt 0:01:57]} 7. Ng3 {[%emt 0:00:22]} Qg6 {[%emt 0:
00:28]} 8. h3 {[%emt 0:00:30]} Bxf3 {[%emt 0:00:30]} 9. Bxf3 {[%emt 0:00:05]}
Nd4 {[%emt 0:00:08]} 10. d3 {[%emt 0:01:28]} O-O-O {[%emt 0:00:07]} 11. Be3 {
[%emt 0:00:54]} e6 {[%emt 0:00:49]} 12. O-O {[%emt 0:01:21]} Kb8 {[%emt 0:00:
19]} 13. a4 {[%emt 0:01:10]} Nxf3+ {[%emt 0:01:58]} 14. Qxf3 {[%emt 0:00:06]}
Bd6 {[%emt 0:00:04]} 15. Ne4 {[%emt 0:01:59]} Nd5 {[%emt 0:00:25]} 16. a5 {
[%emt 0:01:38]} a6 {[%emt 0:00:05]} 17. Ra4 {[%emt 0:01:13]} Qf5 {[%emt 0:00:
42]} 18. Qxf5 {[%emt 0:00:54]} exf5 {[%emt 0:00:02]} 19. Nxd6 {[%emt 0:00:13]}
Rxd6 {[%emt 0:00:07]} 20. Bd2 {[%emt 0:00:16]} Re8 {[%emt 0:00:35]} 21. Re1 {
[%emt 0:00:02]} Rxe1+ {[%emt 0:00:41]} 22. Bxe1 {[%emt 0:00:02]} Rc6 {[%emt 0:
00:02]} 23. Rc4 {[%emt 0:01:22]} Re6 {[%emt 0:01:27]} 24. Kf1 {[%emt 0:00:06]}
g6 {[%emt 0:00:42]} 25. Rd4 {[%emt 0:00:26]} Rd6 {[%emt 0:01:25]} 26. c4 {
[%emt 0:00:10]} Ne7 {[%emt 0:00:25]} 27. Rxd6 {[%emt 0:00:09]} cxd6 {[%emt 0:
00:01]} 28. Ke2 {[%emt 0:00:47]} Kc7 {[%emt 0:00:20]} 29. Ke3 {[%emt 0:00:31]}
Kd7 {[%emt 0:00:06]} 30. Bc3 {[%emt 0:00:13]} Ke6 {[%emt 0:00:13]} 31. h4 {
[%emt 0:00:31]} h5 {[%emt 0:00:10]} 32. b4 {[%emt 0:00:08]} Nc6 {[%emt 0:01:25]
} 33. Kf4 {[%emt 0:00:33]} d5 {[%emt 0:00:22]} 34. Ke3 {[%emt 0:00:40]} d4+ {
[%emt 0:00:26]} 35. Bxd4 {[%emt 0:00:02]} f4+ {[%emt 0:00:01]} 36. Ke4 {
[%emt 0:00:13]} f5+ {[%emt 0:00:09]} 37. Kxf4 {[%emt 0:00:03]} Nxd4 {[%emt 0:
00:02]} 38. f3 {[%emt 0:00:17]} Nc6 {[%emt 0:00:04]} 39. b5 {[%emt 0:00:16]}
axb5 {[%emt 0:00:09]} 40. cxb5 {[%emt 0:00:03]} Nxa5 {[%emt 0:00:02]} 41. g4 {
[%emt 0:00:02]} Kf6 {[%emt 0:00:22]} 42. gxh5 {[%emt 0:00:20]} gxh5 {[%emt 0:
00:01]} 43. Ke3 {[%emt 0:00:07]} b6 {[%emt 0:00:19]} 44. Kd4 {[%emt 0:00:25]}
Ke6 {[%emt 0:00:02]} 45. Ke3 {[%emt 0:00:02]} Nb7 {[%emt 0:00:06]} 46. Kf4 {
[%emt 0:00:12]} Kf6 {[%emt 0:00:02]} 47. Ke3 {[%emt 0:00:03]} Nd6 {[%emt 0:00:
06]} 0-1

[Event "European Rapid Championship 2021"]
[Site "Katowice"]
[Date "2021.12.18"]
[Round "4.18"]
[White "Mirski, Michal"]
[Black "Kjartansson, Gudmundur"]
[Result "0-1"]
[WhiteElo "1852"]
[BlackElo "2402"]
[Annotator "NA"]
[PlyCount "140"]
[EventDate "2021.12.18"]
[EventType "swiss"]
[EventCountry "POL"]
[SourceTitle "playchess.com"]
[Source "ChessBase"]
[SourceQuality "1"]
[TimeControl "900+10"]

1. e4 {[%emt 0:00:02]} c6 {[%emt 0:00:01]} 2. d4 {[%emt 0:00:04]} d5 {[%emt 0:
00:01]} 3. Nc3 {[%emt 0:00:02]} dxe4 {[%emt 0:00:00]} 4. Nxe4 {[%emt 0:00:01]}
Bf5 {[%emt 0:00:04]} 5. Ng3 {[%emt 0:00:01]} Bg6 {[%emt 0:00:01]} 6. h4 {
[%emt 0:00:03]} h6 {[%emt 0:00:00]} 7. Nf3 {[%emt 0:00:03]} Nd7 {[%emt 0:00:20]
} 8. Bd3 {[%emt 0:00:01]} Bxd3 {[%emt 0:00:04]} 9. Qxd3 {[%emt 0:00:02]} e6 {
[%emt 0:00:03]} 10. Bd2 {[%emt 0:00:02]} Ngf6 {[%emt 0:00:03]} 11. O-O-O {
[%emt 0:00:03]} Be7 {[%emt 0:00:05]} 12. Kb1 {[%emt 0:00:30]} Qc7 {[%emt 0:00:
41]} 13. Ne4 {[%emt 0:00:41]} O-O-O {[%emt 0:00:24]} 14. Rhe1 {[%emt 0:00:34]}
Ng4 {[%emt 0:01:09]} 15. Qe2 {[%emt 0:00:54]} Rhe8 {[%emt 0:00:20]} 16. g3 {
[%emt 0:00:18]} f5 {[%emt 0:00:14]} 17. Nc3 {[%emt 0:00:35]} Bf6 {[%emt 0:01:
03]} 18. Bf4 {[%emt 0:00:56]} Qb6 {[%emt 0:00:13]} 19. Nd2 {[%emt 0:01:29]} Qb4
{[%emt 0:06:21]} 20. a3 {[%emt 0:02:34]} Qf8 {[%emt 0:00:08]} 21. Nc4 {[%emt 0:
00:50]} Nb6 {[%emt 0:00:02]} 22. Nd6+ {[%emt 0:04:37]} Rxd6 {[%emt 0:00:07]}
23. Bxd6 {[%emt 0:00:01]} Qxd6 {[%emt 0:00:01]} 24. f3 {[%emt 0:00:01]} Qxg3 {
[%emt 0:00:59]} 25. fxg4 {[%emt 0:00:17]} Qxg4 {[%emt 0:00:11]} 26. Qxg4 {
[%emt 0:01:12]} fxg4 {[%emt 0:00:01]} 27. h5 {[%emt 0:00:02]} Nc4 {[%emt 0:02:
21]} 28. Ne4 {[%emt 0:00:20]} Kc7 {[%emt 0:00:37]} 29. Rg1 {[%emt 0:00:51]} Re7
{[%emt 0:03:10]} 30. Rd3 {[%emt 0:00:33]} c5 {[%emt 0:00:21]} 31. Nxc5 {
[%emt 0:00:27]} e5 {[%emt 0:00:03]} 32. Ne4 {[%emt 0:00:18]} exd4 {[%emt 0:00:
09]} 33. Nxf6 {[%emt 0:00:10]} gxf6 {[%emt 0:00:00]} 34. Rxg4 {[%emt 0:00:05]}
Ne5 {[%emt 0:01:03]} 35. Re4 {[%emt 0:00:07]} f5 {[%emt 0:00:01]} 36. Re2 {
[%emt 0:00:12]} f4 {[%emt 0:00:05]} 37. Rxd4 {[%emt 0:00:05]} f3 {[%emt 0:00:
01]} 38. Rf2 {[%emt 0:00:09]} Rg7 {[%emt 0:00:08]} 39. Rd5 {[%emt 0:01:52]} Rg5
{[%emt 0:00:25]} 40. c4 {[%emt 0:00:03]} Rxh5 {[%emt 0:00:07]} 41. Ka2 {
[%emt 0:00:03]} Rg5 {[%emt 0:00:04]} 42. Kb3 {[%emt 0:00:14]} h5 {[%emt 0:00:
12]} 43. Kc3 {[%emt 0:00:17]} h4 {[%emt 0:00:16]} 44. Rd4 {[%emt 0:00:01]} Rg2
{[%emt 0:00:13]} 45. Rf1 {[%emt 0:00:39]} h3 {[%emt 0:00:01]} 46. Rh4 {[%emt 0:
00:05]} h2 {[%emt 0:00:02]} 47. Kd4 {[%emt 0:00:14]} Rg1 {[%emt 0:00:46]} 48.
Kxe5 {[%emt 0:00:13]} Rxf1 49. Rxh2 {[%emt 0:00:01]} f2 {[%emt 0:00:26]} 50.
Kf4 {[%emt 0:00:05]} Kc6 {[%emt 0:00:03]} 51. b4 {[%emt 0:00:08]} Rc1 {[%emt 0:
00:11]} 52. Rxf2 {[%emt 0:00:05]} Rxc4+ {[%emt 0:00:00]} 53. Ke5 {[%emt 0:00:
07]} a6 {[%emt 0:00:17]} 54. Rf3 {[%emt 0:00:23]} Kb5 {[%emt 0:00:03]} 55. Kd5
{[%emt 0:00:08]} Rc1 {[%emt 0:00:09]} 56. Kd4 {[%emt 0:00:12]} Ka4 {[%emt 0:00:
12]} 57. Rf7 {[%emt 0:00:09]} b5 {[%emt 0:00:03]} 58. Rf6 {[%emt 0:00:13]} Kxa3
{[%emt 0:00:01]} 59. Rxa6+ {[%emt 0:00:01]} Kxb4 {[%emt 0:00:02]} 60. Rh6 {
[%emt 0:00:21]} Rd1+ {[%emt 0:00:03]} 61. Ke3 {[%emt 0:00:02]} Rd8 {[%emt 0:00:
10]} 62. Rh4+ {[%emt 0:00:23]} Ka3 {[%emt 0:00:03]} 63. Rh7 {[%emt 0:00:15]} b4
{[%emt 0:00:02]} 64. Ra7+ {[%emt 0:00:02]} Kb2 {[%emt 0:00:01]} 65. Rb7 {
[%emt 0:00:04]} b3 {[%emt 0:00:01]} 66. Ke2 {[%emt 0:00:05]} Kc2 {[%emt 0:00:
07]} 67. Rc7+ {[%emt 0:00:02]} Kb1 {[%emt 0:00:01]} 68. Rb7 {[%emt 0:00:01]} b2
{[%emt 0:00:01]} 69. Rb6 {[%emt 0:00:08]} Ra8 {[%emt 0:00:25]} 70. Kd2 {
[%emt 0:00:23]} Ka1 {[%emt 0:00:03]} 0-1

[Event "European Rapid Championship 2021"]
[Site "Katowice"]
[Date "2021.12.18"]
[Round "4.19"]
[White "Blohberger, Felix"]
[Black "Woloch, Oskar"]
[Result "1-0"]
[WhiteElo "2409"]
[BlackElo "2036"]
[Annotator "NA"]
[PlyCount "75"]
[EventDate "2021.12.18"]
[EventType "swiss"]
[EventCountry "POL"]
[SourceTitle "playchess.com"]
[Source "ChessBase"]
[SourceQuality "1"]
[TimeControl "900+10"]

1. d4 {[%emt 0:00:03]} d5 {[%emt 0:00:13]} 2. Nf3 {[%emt 0:00:05]} Nf6 {
[%emt 0:00:20]} 3. Bf4 {[%emt 0:00:06]} c6 {[%emt 0:00:09]} 4. e3 {[%emt 0:00:
05]} Bg4 {[%emt 0:00:40]} 5. c4 {[%emt 0:00:28]} e6 {[%emt 0:00:04]} 6. Nc3 {
[%emt 0:00:18]} Nbd7 {[%emt 0:00:11]} 7. Qb3 {[%emt 0:01:01]} Bxf3 {[%emt 0:00:
19]} 8. gxf3 {[%emt 0:00:03]} Qb6 {[%emt 0:00:16]} 9. c5 {[%emt 0:01:15]} Qxb3
{[%emt 0:00:39]} 10. axb3 {[%emt 0:00:02]} Nh5 {[%emt 0:00:01]} 11. Bc7 {
[%emt 0:01:30]} Rc8 {[%emt 0:00:11]} 12. Bg3 {[%emt 0:00:04]} a6 {[%emt 0:00:
16]} 13. f4 {[%emt 0:00:09]} f6 {[%emt 0:01:43]} 14. Be2 {[%emt 0:01:11]} Nxg3
{[%emt 0:00:06]} 15. hxg3 {[%emt 0:00:03]} Kf7 {[%emt 0:00:25]} 16. Kd2 {
[%emt 0:00:11]} Re8 {[%emt 0:00:31]} 17. g4 {[%emt 0:02:26]} e5 {[%emt 0:00:55]
} 18. Bd3 {[%emt 0:02:16]} g6 {[%emt 0:00:17]} 19. f5 {[%emt 0:00:30]} Be7 {
[%emt 0:01:23]} 20. Rxh7+ {[%emt 0:00:12]} Rxh7 {[%emt 0:00:15]} 21. fxg6+ {
[%emt 0:00:02]} Kg7 {[%emt 0:00:02]} 22. gxh7 {[%emt 0:00:01]} e4 {[%emt 0:00:
01]} 23. Bc2 {[%emt 0:01:18]} Nf8 {[%emt 0:00:39]} 24. f3 {[%emt 0:01:06]} exf3
{[%emt 0:00:44]} 25. Rh1 {[%emt 0:01:04]} Ne6 {[%emt 0:00:01]} 26. Ke1 {
[%emt 0:02:38]} Ng5 {[%emt 0:00:13]} 27. Kf2 {[%emt 0:00:06]} Bd8 {[%emt 0:00:
49]} 28. Bg6 {[%emt 0:00:44]} Rh8 {[%emt 0:00:44]} 29. Bf5 {[%emt 0:00:03]} Bc7
{[%emt 0:00:03]} 30. e4 {[%emt 0:00:33]} dxe4 {[%emt 0:01:36]} 31. Nxe4 {
[%emt 0:00:20]} Nxh7 {[%emt 0:00:01]} 32. Rxh7+ {[%emt 0:00:16]} Rxh7 {[%emt 0:
00:01]} 33. Bxh7 {[%emt 0:00:01]} Kxh7 {[%emt 0:00:03]} 34. Nxf6+ {[%emt 0:00:
21]} Kg6 {[%emt 0:00:00]} 35. Ne4 {[%emt 0:00:03]} Bf4 {[%emt 0:00:09]} 36.
Kxf3 {[%emt 0:00:09]} Bc1 {[%emt 0:00:10]} 37. Nd6 {[%emt 0:00:15]} Bxb2 {
[%emt 0:00:02]} 38. Ke4 {[%emt 0:00:01]} 1-0

[Event "European Rapid Championship 2021"]
[Site "Katowice"]
[Date "2021.12.18"]
[Round "4.19"]
[White "Wiewiora, Eneasz"]
[Black "Starosta, Martyna"]
[Result "1-0"]
[WhiteElo "2333"]
[BlackElo "1851"]
[Annotator "NA"]
[PlyCount "49"]
[EventDate "2021.12.18"]
[EventType "swiss"]
[EventCountry "POL"]
[SourceTitle "playchess.com"]
[Source "ChessBase"]
[SourceQuality "1"]
[TimeControl "900+10"]

1. e4 {[%emt 0:00:02]} e5 {[%emt 0:00:01]} 2. Nf3 {[%emt 0:00:02]} Nc6 {
[%emt 0:00:01]} 3. Bc4 {[%emt 0:00:01]} Nf6 {[%emt 0:00:01]} 4. d3 {[%emt 0:00:
02]} Be7 {[%emt 0:00:01]} 5. O-O {[%emt 0:00:03]} O-O {[%emt 0:00:02]} 6. Re1 {
[%emt 0:00:01]} d6 {[%emt 0:00:03]} 7. a4 {[%emt 0:00:01]} Kh8 {[%emt 0:00:02]}
8. Nbd2 {[%emt 0:00:22]} Ng8 {[%emt 0:00:03]} 9. c3 {[%emt 0:06:33]} f5 {
[%emt 0:00:06]} 10. b4 {[%emt 0:00:05]} f4 {[%emt 0:00:26]} 11. b5 {[%emt 0:00:
03]} Nb8 {[%emt 0:00:03]} 12. d4 {[%emt 0:00:03]} Nd7 {[%emt 0:00:01]} 13. Ba2
{[%emt 0:01:18]} g5 {[%emt 0:00:16]} 14. dxe5 {[%emt 0:00:21]} dxe5 {[%emt 0:
00:38]} 15. Nc4 {[%emt 0:00:17]} Bf6 {[%emt 0:00:25]} 16. Ba3 {[%emt 0:01:04]}
Re8 {[%emt 0:00:04]} 17. h3 {[%emt 0:00:27]} Ne7 {[%emt 0:01:09]} 18. Nfxe5 {
[%emt 0:01:52]} Nxe5 {[%emt 0:01:00]} 19. Qxd8 {[%emt 0:00:27]} Rxd8 {[%emt 0:
00:01]} 20. Nxe5 {[%emt 0:00:43]} Kg7 {[%emt 0:00:48]} 21. Nf7 {[%emt 0:00:18]}
Bxc3 {[%emt 0:01:35]} 22. Nxd8 {[%emt 0:00:16]} Bxa1 {[%emt 0:00:07]} 23. Rxa1
{[%emt 0:00:07]} Ng6 {[%emt 0:00:19]} 24. Rc1 {[%emt 0:00:07]} Bd7 {[%emt 0:00:
31]} 25. Nxb7 {[%emt 0:00:16]} 1-0

[Event "European Rapid Championship 2021"]
[Site "Katowice"]
[Date "2021.12.18"]
[Round "4.20"]
[White "Bjerre, Jonas Buhl"]
[Black "Panek, Bartosz"]
[Result "1-0"]
[WhiteElo "2330"]
[BlackElo "1838"]
[Annotator "NA"]
[PlyCount "71"]
[EventDate "2021.12.18"]
[EventType "swiss"]
[EventCountry "POL"]
[SourceTitle "playchess.com"]
[Source "ChessBase"]
[SourceQuality "1"]
[TimeControl "900+10"]

1. d4 {[%emt 0:00:02]} Nf6 {[%emt 0:00:03]} 2. c4 {[%emt 0:00:02]} g6 {[%emt 0:
00:01]} 3. Nc3 {[%emt 0:00:02]} d5 {[%emt 0:00:01]} 4. cxd5 {[%emt 0:00:15]}
Nxd5 {[%emt 0:00:03]} 5. Nf3 {[%emt 0:00:04]} Bg7 {[%emt 0:00:03]} 6. e4 {
[%emt 0:00:13]} Nxc3 {[%emt 0:00:02]} 7. bxc3 {[%emt 0:00:01]} c5 {[%emt 0:00:
03]} 8. Be3 {[%emt 0:00:01]} cxd4 {[%emt 0:00:05]} 9. cxd4 {[%emt 0:00:02]}
Qa5+ {[%emt 0:00:02]} 10. Bd2 {[%emt 0:00:18]} Qd8 {[%emt 0:00:07]} 11. Rc1 {
[%emt 0:00:11]} Nc6 {[%emt 0:01:40]} 12. d5 {[%emt 0:00:07]} Ne5 {[%emt 0:00:
08]} 13. Nxe5 {[%emt 0:00:24]} Bxe5 {[%emt 0:00:02]} 14. Bh6 {[%emt 0:01:31]}
Qa5+ {[%emt 0:03:02]} 15. Qd2 {[%emt 0:00:01]} Qxd2+ {[%emt 0:00:01]} 16. Kxd2
{[%emt 0:00:01]} Rg8 {[%emt 0:01:44]} 17. f4 {[%emt 0:00:17]} Bd4 {[%emt 0:00:
06]} 18. Bc4 {[%emt 0:00:38]} Bd7 {[%emt 0:01:12]} 19. Rb1 {[%emt 0:01:18]} Bb6
{[%emt 0:01:37]} 20. Rhc1 {[%emt 0:00:07]} Rd8 {[%emt 0:01:28]} 21. h3 {
[%emt 0:00:15]} f6 {[%emt 0:00:26]} 22. h4 {[%emt 0:01:24]} e6 {[%emt 0:01:55]}
23. d6 {[%emt 0:00:51]} Kf7 {[%emt 0:00:02]} 24. e5 {[%emt 0:00:16]} Bc6 {
[%emt 0:00:11]} 25. g4 {[%emt 0:00:34]} Rge8 {[%emt 0:00:18]} 26. Bb5 {[%emt 0:
00:16]} Rc8 {[%emt 0:00:28]} 27. Bxc6 {[%emt 0:00:17]} Rxc6 {[%emt 0:00:32]}
28. Rxc6 {[%emt 0:00:04]} bxc6 {[%emt 0:00:01]} 29. a4 {[%emt 0:00:01]} Rd8 {
[%emt 0:00:12]} 30. Kd3 {[%emt 0:00:05]} Rd7 {[%emt 0:00:51]} 31. Kc4 {[%emt 0:
00:08]} Ke8 {[%emt 0:02:50]} 32. a5 {[%emt 0:00:10]} Bxa5 {[%emt 0:00:06]} 33.
Kc5 {[%emt 0:00:03]} Bb6+ {[%emt 0:00:57]} 34. Kxc6 {[%emt 0:00:01]} Rf7 {
[%emt 0:00:07]} 35. f5 {[%emt 0:00:12]} gxf5 {[%emt 0:00:18]} 36. gxf5 {
[%emt 0:00:01]} 1-0

[Event "European Rapid Championship 2021"]
[Site "Katowice"]
[Date "2021.12.18"]
[Round "4.20"]
[White "Koziorowicz, Michal"]
[Black "Diermair, Andreas"]
[Result "1-0"]
[WhiteElo "2041"]
[BlackElo "2408"]
[Annotator "NA"]
[PlyCount "99"]
[EventDate "2021.12.18"]
[EventType "swiss"]
[EventCountry "POL"]
[SourceTitle "playchess.com"]
[Source "ChessBase"]
[SourceQuality "1"]
[TimeControl "900+10"]

1. e4 {[%emt 0:00:01]} e6 {[%emt 0:00:05]} 2. d4 {[%emt 0:00:03]} d5 {[%emt 0:
00:01]} 3. Nd2 {[%emt 0:00:01]} Nc6 {[%emt 0:00:23]} 4. Ngf3 {[%emt 0:00:08]}
Nf6 {[%emt 0:00:02]} 5. e5 {[%emt 0:00:02]} Nd7 {[%emt 0:00:01]} 6. Bd3 {
[%emt 0:00:03]} Nb4 {[%emt 0:00:35]} 7. Be2 {[%emt 0:00:10]} c5 {[%emt 0:00:01]
} 8. c3 {[%emt 0:00:02]} Nc6 {[%emt 0:00:02]} 9. O-O {[%emt 0:00:09]} g6 {
[%emt 0:00:05]} 10. b3 {[%emt 0:01:11]} Bg7 {[%emt 0:00:50]} 11. a4 {[%emt 0:
00:48]} O-O {[%emt 0:00:33]} 12. Ba3 {[%emt 0:00:13]} b6 {[%emt 0:00:08]} 13.
b4 {[%emt 0:00:13]} c4 {[%emt 0:00:49]} 14. Ne1 {[%emt 0:00:46]} f6 {[%emt 0:
01:38]} 15. f4 {[%emt 0:00:38]} fxe5 {[%emt 0:00:49]} 16. fxe5 {[%emt 0:00:02]}
Qg5 {[%emt 0:00:46]} 17. Rxf8+ {[%emt 0:00:59]} Nxf8 {[%emt 0:00:41]} 18. Nf1 {
[%emt 0:00:09]} Nxe5 {[%emt 0:02:05]} 19. dxe5 {[%emt 0:00:06]} Qxe5 {[%emt 0:
00:01]} 20. Bb2 {[%emt 0:00:37]} Bd7 {[%emt 0:00:13]} 21. Nf3 {[%emt 0:00:55]}
Qf6 {[%emt 0:00:23]} 22. Qd2 {[%emt 0:00:36]} Rd8 {[%emt 0:00:28]} 23. Ng3 {
[%emt 0:00:40]} Be8 {[%emt 0:01:06]} 24. a5 {[%emt 0:01:53]} b5 {[%emt 0:00:04]
} 25. Rd1 {[%emt 0:00:10]} e5 {[%emt 0:01:02]} 26. Ne4 {[%emt 0:00:16]} Qe7 {
[%emt 0:00:49]} 27. Nc5 {[%emt 0:00:09]} Bc6 {[%emt 0:00:06]} 28. Re1 {[%emt 0:
00:59]} Qd6 {[%emt 0:00:38]} 29. Qg5 {[%emt 0:01:05]} h6 {[%emt 0:01:15]} 30.
Qg3 {[%emt 0:00:20]} Qf6 {[%emt 0:00:50]} 31. Rf1 {[%emt 0:00:21]} Qe7 {
[%emt 0:00:10]} 32. Nh4 {[%emt 0:00:45]} Be8 {[%emt 0:00:10]} 33. Bc1 {[%emt 0:
01:18]} d4 {[%emt 0:00:13]} 34. Bf3 {[%emt 0:00:02]} d3 {[%emt 0:00:48]} 35.
Bd2 {[%emt 0:00:06]} Rd6 {[%emt 0:00:57]} 36. Be4 {[%emt 0:00:27]} Kh7 {
[%emt 0:00:35]} 37. Nf3 {[%emt 0:00:45]} Kg8 {[%emt 0:00:08]} 38. h4 {[%emt 0:
00:19]} Bc6 {[%emt 0:00:11]} 39. h5 {[%emt 0:00:17]} g5 {[%emt 0:00:19]} 40.
Bxc6 {[%emt 0:00:45]} Rxc6 {[%emt 0:00:02]} 41. Nxg5 {[%emt 0:00:02]} hxg5 {
[%emt 0:01:01]} 42. Bxg5 {[%emt 0:00:01]} Qe8 {[%emt 0:00:14]} 43. h6 {[%emt 0:
00:08]} Rg6 {[%emt 0:00:15]} 44. hxg7 {[%emt 0:00:04]} Rxg7 {[%emt 0:00:01]}
45. Ne4 {[%emt 0:00:20]} Qg6 {[%emt 0:00:11]} 46. Nf6+ {[%emt 0:00:43]} Kh8 {
[%emt 0:00:02]} 47. Qh3+ {[%emt 0:00:05]} Nh7 {[%emt 0:00:07]} 48. Qc8+ {
[%emt 0:00:01]} Rg8 {[%emt 0:00:04]} 49. Nxg8 {[%emt 0:00:22]} Qxg5 {[%emt 0:
00:14]} 50. Nf6+ {[%emt 0:00:07]} 1-0